[Event "Madurai Athens of the East op-C U1700"]
[Site "Madurai"]
[Date "2023.12.24"]
[Round "1"]
[White "Samarth, Ranjan Sahu"]
[Black "Rohit, S2."]
[Result "0-1"]
[WhiteElo "1164"]
[BlackElo "1633"]
[PlyCount "76"]
[EventDate "2023.12.24"]
[EventType "swiss"]
[EventRounds "9"]
[EventCountry "IND"]
[SourceTitle "CBM 218 Extra"]
[Source "ChessBase"]
[SourceDate "2024.03.31"]
[SourceVersion "1"]
[SourceVersionDate "2024.03.31"]
[SourceQuality "1"]

1. d4 Nf6 2. c4 e5 3. e3 exd4 4. exd4 Bb4+ 5. Nc3 0-0 6. Bd3 d5 7. Nf3 Re8+ 8. Be3 Ng4 9. 0-0 Rxe3 10. Nxd5 Rxd3 11. Qxd3 Bd6 12. h3 Nf6 13. Ng5 g6 14. Nxf6+ Qxf6 15. Ne4 Qf5 16. Rfe1 Bd7 17. d5 Na6 18. a3 Nc5 19. Nxc5 Bxc5 20. Qg3 Bd6 21. Qh4 a5 22. Re3 Qf4 23. Qxf4 Bxf4 24. Re7 Bf5 25. Rae1 Kf8 26. c5 Be6 27. d6 cxd6 28. cxd6 Bxd6 29. Rxb7 a4 30. Rb6 Be7 31. Rb7 Bf6 32. Rb6 Kg7 33. Kh2 Bb3 34. Re2 Rc8 35. Rd6 Bc4 36. Re1 Bxb2 37. Re3 Bb3 38. Rd2 Bc1 0-1